Aplikace Greinerovy teorie růstu podniku v rodinném podnikání

Greinerova teória evolúcie a revolúcie bola publikovaná už v roku 1974 a jej závery sú platné dodnes. Rodinný podnik a jeho vývojové fázy v čase. Problematické oblasti rodinného podnikania, rodinné firmy riešia okrem problémov spojených s podnikaním aj problémy rodinné, ktoré sa premietajú do každod...

Full description

Saved in:
Bibliographic Details
Main Author: Odehnalová, Pavla
Format: Book Chapter
Language:Czech
Subjects:
Tags: Add Tag
No Tags, Be the first to tag this record!

MARC

LEADER 00000nla$a2200000$$$4500
001 0076129
005 20220801085319.3
041 0 |a cze 
044 |a CZ 
245 1 0 |a Aplikace Greinerovy teorie růstu podniku v rodinném podnikání  |c Pavla Odehnalová 
520 |a Greinerova teória evolúcie a revolúcie bola publikovaná už v roku 1974 a jej závery sú platné dodnes. Rodinný podnik a jeho vývojové fázy v čase. Problematické oblasti rodinného podnikania, rodinné firmy riešia okrem problémov spojených s podnikaním aj problémy rodinné, ktoré sa premietajú do každodenného chodu firmy. Prehliadanie problémov ako je nepotizmus a paternalizmus, môže viesť až k ohrozeniu existencie rodinného podniku. 
610 2 0 |a teórie ekonomické 
610 2 0 |a vývoj podniku 
610 2 0 |a rozvoj podniku 
610 2 0 |a podnikanie rodinné 
100 1 |a Odehnalová, Pavla